Economic geography reader : producing and consuming global capitalism

Αποθηκεύτηκε σε:
Λεπτομέρειες βιβλιογραφικής εγγραφής
Άλλοι συγγραφείς: Bryson, J. R. 1963- (Επιμελητής έκδοσης)
Μορφή: Βιβλίο
Γλώσσα:English
Δημοσίευση: Chichester : Wiley, 1999
Θέματα:
Ετικέτες: Προσθήκη ετικέτας
Δεν υπάρχουν, Καταχωρήστε ετικέτα πρώτοι!

MARC

LEADER 00000nam a2200000 i 4500
001 1/94002
008 080917s1999 eng d
020 |a 0-471-98528-7 (pbk.) 
035 |l 10100210 
040 |a GR-MY-UA  |b gre  |e aacr 
041 0 |a eng 
082 0 |a 330.9  |2 (22) 
245 1 0 |a Economic geography reader :  |b producing and consuming global capitalism /  |c edited by John Bryson ... [κ.ά.] 
260 |a Chichester :   |b Wiley,   |c 1999 
300 |a xi, 481 σ.;  |b εικ.;  |c 26 εκ. 
504 |a Βιβλιογραφία: σ. [441]-469 
504 |a Ευρετήριο: σ. [471]-481 
650 0 0 |a Economic geography. 
650 0 0 |a Production (Economic theory) 
650 0 0 |a Consumption (Economics) 
650 0 0 |a Foreign trade and employment. 
650 0 0 |a Capitalism. 
650 0 0 |a Globalization. 
700 1 |a Bryson, J. R.  |d 1963-  |4 edt 
852 |a INST  |b LESVOS  |e 20080917  |h 330.9 ECO  |p 005100043105  |q 005100043105  |t BK  |y 0 
901 |a BIBL1-2008-3 
909 |a Λ  |b 151435 
922 |a 1ΕΛΗ  |b 200803  |c ΕΠΕΑΕΚ2/ΤΓ  |d ΠΑΠΑΣΩΤΗΡΙΟΥ 
970 |a ΚΑΡΑ  |b ΓΙΑΣΕΜΗ  |z 2008/09/17